000 00492nam a22001697a 4500
999 _c41275
_d41275
003 OSt
005 20210412144353.0
008 210412b ||||| |||| 00| 0 eng d
020 _a9788182719729
040 _coclc
082 _a297
_bMAJ/M
100 _91899
_aMajeed, A K Abdul
245 _aMakkayillekku Anekam Vazhikal/
_cA K Abdul Majeed
260 _aKozhikode:
_bIslamic Publishing House
300 _a261 pages
942 _2ddc
_cBK
_h297
_iMAJ/M
_k297
_mMAJ/M